00558 a2200193 4500260001200000100002700012260001900039245010200058300001400160650003000174650001200204650001700216260000900233130000800242440005900250250000900309651002800318020001800346 aOAkwood aBRINKERHOFF, Derick W. bKumarian Press aLa Gestion efficace des projets de développement : un guide à l'exécution et l'évaluation aXVI-136p. aProjet de développement agestion aévaluation c1991 lFr. aKumarian Press Library of Management for Dévelopment a27ME apays en développement a0-931816-09-2